Countries Bordering Niger - Statistics

General Stats
  • This quiz has been taken 65 times
  • The average score is 6 of 7
Answer Stats
Length Country % Correct
1497 km Nigeria
100%
956 km Algeria
95%
821 km Mali
95%
1175 km Chad
93%
354 km Libya
93%
628 km Burkina Faso
88%
266 km Benin
79%
No matching quizzes found
Score Distribution
Percent of People with Each Score
Percentile by Number Answered
Your Score History
You have not taken this quiz